| 000 | 01121cam a22002291 4500 | ||
|---|---|---|---|
| 001 | 000019632 | ||
| 005 | 20200929170101.0 | ||
| 008 | 791205s1939 ag 000 0 spa | ||
| 040 |
_aDO-SdBNP _cICRC _dOCoLC _dDLC _dBNPHU |
||
| 082 |
_aM861.42 _bV181c |
||
| 100 | 1 |
_aValle-Arizpe, Artemio de, _d1884-1961. _942077 |
|
| 245 | 1 | 0 |
_aCuentos del Mexico antiguo / _cArtemio de Valle-Arizpe. |
| 260 |
_aBuenos Aires, _aMexico : _bEspasa-Calpe, _c1939. |
||
| 300 |
_a172 p. ; _c18 cm. |
||
| 490 | 1 |
_aAustral. Azul : novelas y cuentos en general ; _v53 |
|
| 505 | 0 | _aVida ejemplar.--El tesoro.--Las flores del pino.--Por ir al mal fue al bien.--El que hace dano no espere premio.--No empobrece el prometer.--Crimen y castigo.--Muy tarde le llega al pobre la dicha.--La perla del Senor.--Los desparecidos.--Promesa cumplida.--El destino manda.--Luz y sombra.--La salvadora.--La perdida de la escala.--La Santiaguita. | |
| 650 | 4 |
_aCuentos mexicanos _911371 |
|
| 650 | 4 |
_aLiteratura mexicana _91922 |
|
| 830 | 0 |
_aAustral. Azul : novelas y cuentos en general ; _v53 _922386 |
|
| 910 | _aCatalogación derivada / LC | ||
| 049 | _aBNGR | ||
| 999 |
_c19148 _d19148 |
||